000 00764nam a2200289Ia 4500
005 20260324121832.0
008 008 260324s9999 xx 000 0 eng d
020 _a9781315590370
037 _aEBOOK
040 _aCRL
040 _beng
040 _cCRL
041 _2eng
041 _aeng
084 _qCRL
100 _aNicholas J. Crowe
_91164061
245 0 _aJeremias Drexel's 'Christian Zodiac'
245 0 _bSeventeenth-Century Publishing Sensation. A Critical Edition, Translated and with an Introduction & Notes
260 _bTaylor and Francis
260 _c2013
365 _a
365 _b255
856 _uhttp://www.taylorfrancis.com/books/9781315590370
942 _cEBOOK
999 _c1756402
_d1756402